000 01032nam a2200373 a 4500
003 AR-BaBNM
005 20251128210112.0
008 082120s2002 ||||||||||||||000 | spa||
020 _a950-808-114-7
040 _cAR-BaBNM
100 1 _aBrunet, Graciela
245 0 0 _aHablemos de ética
_bla formación ética en la EGB
250 _a3ª ed.
260 _aRosario
_bHomo Sapiens Ediciones
_c1998
300 _a98 p.
490 0 _aEducación
504 _aContiene bibliografía p. 97-98
650 4 _aETICA
650 4 _aACTIVIDADES DE APRENDIZAJE
650 4 _aLIBERTAD
650 4 _aTOLERANCIA
650 4 _aDERECHOS HUMANOS
651 4 _aArgentina
653 _aEDUCACION EN VALORES
653 _aEDUCACION GENERAL BASICA
653 _aCONTENIDOS CURRICULARES
653 _aTEMAS TRANSVERSALES
653 _aFORMACION ETICA Y CIUDADANA
653 _aEDUCACION POLIMODAL
653 _aESTRATEGIAS DIDACTICAS
800 1 _aAvendaño, Fernando Carlos
_edirector
942 _cBK
998 _cRaquel
999 _c14049
_d14049